000 00652nam a2200277Ia 4500
005 20260324113806.0
008 008 260324s9999 xx 000 0 eng d
020 _a9781003451716
037 _aEBOOK
040 _aCRL
040 _beng
040 _cCRL
041 _2eng
041 _aeng
084 _qCRL
100 _aWillem van Eekelen
_91148191
245 0 _aICT and Rural Development in the Global South
260 _bTaylor and Francis
260 _c2023
365 _a
365 _b230
856 _uhttp://www.taylorfrancis.com/books/9781003451716
942 _cEBOOK
999 _c1738025
_d1738025